Competition,Strategic Delegation and Delay in Technology Adoption / (Record no. 36815)

MARC details
000 -LEADER
fixed length control field 00405nam a2200121Ia 4500
008 - FIXED-LENGTH DATA ELEMENTS--GENERAL INFORMATION
fixed length control field 220512s9999 xx 000 0 eng d
100 ## - MAIN ENTRY--PERSONAL NAME
Personal name Mahathi, A
245 #0 - TITLE STATEMENT
Title Competition,Strategic Delegation and Delay in Technology Adoption /
Statement of responsibility, etc. Mahathi, A and Pal, Rupayan
260 ## - PUBLICATION, DISTRIBUTION, ETC.
Place of publication, distribution, etc. Mumbai :
Name of publisher, distributor, etc. Indira Gandhi Institute of Development Research,
Date of publication, distribution, etc. Aug-13
546 ## - LANGUAGE NOTE
Language note English
700 ## - ADDED ENTRY--PERSONAL NAME
Personal name Pal, Rupayan
942 ## - ADDED ENTRY ELEMENTS (KOHA)
Koha item type Research Papers
Holdings
Withdrawn status Lost status Damaged status Not for loan Collection code Home library Current library Date acquired Total Checkouts Barcode Date last seen Price effective from Koha item type
        Working Papers NASSDOC Library NASSDOC Library 12/05/2022   P1070 12/05/2022 12/05/2022 Research Papers